000
002780000a22000970004500
100
1
_a
Christian, Jayakumar (1954- )
245
1
0
_a
So what is poverty all about?
300
_a
Vol. 2, Num. 3 (Febrero-Abril, 2001), Páginas 5-7
773
0
_t
Hope for Children in Crisis
942
_c
ANA
999
_c
55212
_d
55212